| 000 | 00766nam a22002417a 4500 | ||
|---|---|---|---|
| 999 |
_c11691 _d11691 |
||
| 008 | 201107b 2015 ||||| |||| 00| 0 eng d | ||
| 020 | _a9789383073511 | ||
| 082 |
_a510.2462 _bGOK |
||
| 100 | _aGokhale, M. Y. | ||
| 245 | _aEngineering mathematics - III (with large number of MCQ's & solved problems) | ||
| 250 | _a4th | ||
| 260 |
_aPune _bNirali Prakashan _c2015 |
||
| 300 | _a762p. | ||
| 504 | _a"Includes University question papers ( Nov. 2013 to May 2015)". | ||
| 650 | _aTransforms | ||
| 650 | _aVector Differential Calculus | ||
| 650 | _aStatistics and Probability | ||
| 700 |
_aMujumdar, N. S. _eCo-author |
||
| 700 |
_aKulkarni, S. S. _eCo-author |
||
| 700 |
_aSingh, A. N. _eCo-author |
||
| 700 |
_aAtal, K. R. _eCo-author |
||
| 942 | _cBK | ||